[Event "SVK-chT 1415"]
[Site "Slovakia"]
[Date "2015.02.22"]
[Round "8.3"]
[White "Zambor, Norbert"]
[Black "Tibensky, Robert"]
[Result "0-1"]
[WhiteElo "2285"]
[BlackElo "2405"]
[PlyCount "80"]
[EventDate "2014.10.25"]
[EventType "team-tourn"]
[EventRounds "11"]
[EventCountry "SVK"]
[SourceTitle "EXT 2016"]
[Source "ChessBase"]
[SourceDate "2015.10.08"]
[SourceVersion "1"]
[SourceVersionDate "2015.10.08"]
[SourceQuality "1"]
[WhiteTeam "Prakovce"]
[BlackTeam "Dunajov"]
[WhiteTeamCountry "SVK"]
[BlackTeamCountry "SVK"]

1. e4 d5 2. exd5 Nf6 3. d4 Bg4 4. f3 Bf5 5. g4 Bg6 6. Bb5+ Nbd7 7. Nc3 a6 8. Ba4 b5 9. Bb3 Nb6 10. Qe2 h5 11. d6 Qxd6 12. g5 Nfd5 13. Ne4 Qc6 14. Nh3 a5 15. Nhf2 e6 16. Nd3 Bd6 17. Ndc5 0-0 18. a4 bxa4 19. Nxa4 Nxa4 20. Bxa4 Qb6 21. Nxd6 cxd6 22. c3 Rab8 23. 0-0 e5 24. Rd1 Nc7 25. Qf2 Qb7 26. dxe5 dxe5 27. c4 Ne6 28. Rd5 Rfd8 29. Rxd8+ Rxd8 30. Be3 Nd4 31. Bxd4 exd4 32. c5 Qe7 33. c6 Qxg5+ 34. Kh1 Qc5 35. Rd1 Bf5 36. Qh4 Qd5 37. c7 Qxf3+ 38. Kg1 Rc8 39. Qxd4 Rxc7 40. Qd8+ Kh7 0-1

[Event "SVK-chT 1415"]
[Site "Slovakia"]
[Date "2015.01.18"]
[Round "6.5"]
[White "Tibensky, Robert"]
[Black "Sosovicka, Juraj"]
[Result "0-1"]
[WhiteElo "2405"]
[BlackElo "2215"]
[PlyCount "118"]
[EventDate "2014.10.25"]
[EventType "team-tourn"]
[EventRounds "11"]
[EventCountry "SVK"]
[SourceTitle "EXT 2016"]
[Source "ChessBase"]
[SourceDate "2015.10.08"]
[SourceVersion "1"]
[SourceVersionDate "2015.10.08"]
[SourceQuality "1"]
[WhiteTeam "Dunajov"]
[BlackTeam "Devinska Nova Ves"]
[WhiteTeamCountry "SVK"]
[BlackTeamCountry "SVK"]

1. d4 d5 2. Bf4 Nf6 3. e3 Bf5 4. c4 c6 5. Nc3 e6 6. Qb3 Qb6 7. c5 Qxb3 8. axb3 Nbd7 9. h3 a6 10. b4 Rc8 11. Nf3 h6 12. Nd2 Be7 13. Nb3 Bd8 14. Na5 Bxa5 15. bxa5 Kd8 16. f3 Ne8 17. Kd2 Nc7 18. Be2 f6 19. Ra3 e5 20. Bg3 Ne6 21. Ra4 g5 22. Rb4 Rh7 23. Na4 Kc7 24. Rc1 Re8 25. Rc3 Kc8 26. Rcb3 Nd8 27. Bf1 Bg6 28. Nb6+ Nxb6 29. Rxb6 Ree7 30. h4 Rhf7 31. R3b4 Rh7 32. Be2 Re8 33. Rb3 Rhe7 34. dxe5 fxe5 35. f4 Bf5 36. hxg5 Ne6 37. e4 dxe4 38. fxe5 Nxc5 39. Ra3 hxg5 40. Rb4 Rd8+ 41. Ke3 Nd3 42. Bxd3 exd3 43. Kd2 Rd5 44. Ra1 Rc5 45. Rc1 Rxc1 46. Kxc1 Rd7 47. Be1 Rd5 48. g4 Bg6 49. Bc3 Rxa5 50. Kd2 Rd5 51. Ra4 Rd7 52. Ke3 c5 53. Ra1 Rh7 54. Rf1 Rh2 55. Rf6 Re2+ 56. Kf3 Be4+ 57. Kg3 b5 58. Rf2 b4 59. Bd2 Rxd2 0-1

[Event "SVK-chT 1415"]
[Site "Slovakia"]
[Date "2014.10.25"]
[Round "1.5"]
[White "Tibensky, Robert"]
[Black "Repka, Christopher"]
[Result "1/2-1/2"]
[WhiteElo "2405"]
[BlackElo "2418"]
[PlyCount "88"]
[EventDate "2014.10.25"]
[EventType "team-tourn"]
[EventRounds "11"]
[EventCountry "SVK"]
[SourceTitle "EXT 2015"]
[Source "ChessBase"]
[SourceDate "2014.11.20"]
[SourceVersion "1"]
[SourceVersionDate "2014.11.20"]
[SourceQuality "1"]
[WhiteTeam "Dunajov"]
[BlackTeam "Stara Lubovna"]
[WhiteTeamCountry "SVK"]
[BlackTeamCountry "SVK"]

1. Nf3 Nf6 2. g3 b6 3. Bg2 Bb7 4. 0-0 e6 5. c4 Be7 6. b3 0-0 7. Bb2 d5 8. d3 c5 9. e3 Nc6 10. Nc3 dxc4 11. bxc4 Nb4 12. Qb3 Qe8 13. Rfd1 Rd8 14. Ne2 Nd7 15. a3 Nc6 16. Rac1 Bf6 17. Nc3 Nde5 18. Nxe5 Bxe5 19. Qc2 Qe7 20. Ne2 Bxb2 21. Qxb2 Na5 22. Bxb7 Qxb7 23. Nf4 Qf3 24. Qe2 Qxe2 25. Nxe2 Rd7 26. h4 Rfd8 27. Nf4 h6 28. h5 Nc6 29. Kf1 Ne7 30. Ke2 Kf8 31. g4 Rd6 32. Nh3 e5 33. f3 f5 34. Nf2 f4 35. exf4 exf4 36. Re1 Nc6 37. Kf1 Nd4 38. Kg2 Kg8 39. Re4 R6d7 40. a4 Rf8 41. Nh3 Rf6 42. Rb1 Ne6 43. Rbe1 Kf7 44. Rd1 Rd4 1/2-1/2

[Event "SVK-chT 1314"]
[Site "Slovakia"]
[Date "2014.03.09"]
[Round "8.5"]
[White "Sosovicka, Juraj"]
[Black "Tibensky, Robert"]
[Result "0-1"]
[WhiteElo "2188"]
[BlackElo "2396"]
[PlyCount "96"]
[EventDate "2013.11.09"]
[EventType "team-tourn"]
[EventRounds "11"]
[EventCountry "SVK"]
[SourceTitle "EXT 2015"]
[Source "ChessBase"]
[SourceDate "2014.11.20"]
[SourceVersion "1"]
[SourceVersionDate "2014.11.20"]
[SourceQuality "1"]
[WhiteTeam "Bratislava Slovan II"]
[BlackTeam "Liptovsky Mikulas"]
[WhiteTeamCountry "SVK"]
[BlackTeamCountry "SVK"]

1. e4 g6 2. d4 Bg7 3. Nc3 c6 4. Be3 d5 5. e5 Qb6 6. Na4 Qc7 7. f4 Nh6 8. Nf3 f6 9. Qd2 Bg4 10. Be2 Nd7 11. h3 Bxf3 12. Bxf3 Nf5 13. Bf2 fxe5 14. fxe5 Bh6 15. Qd3 Qa5+ 16. Nc3 e6 17. g4 Ne7 18. 0-0 c5 19. Nb5 0-0 20. Nd6 cxd4 21. Bxd4 Nc6 22. Bg2 Ndxe5 23. Qc3 Qxc3 24. Bxc3 b6 25. Rae1 Rxf1+ 26. Kxf1 Bf4 27. Nb5 Kf7 28. Bxe5 Nxe5 29. b3 Ke7 30. c4 Rf8 31. Kg1 dxc4 32. bxc4 a6 33. Nd4 Rc8 34. Re4 g5 35. Bf1 Rc5 36. Nb3 Rc6 37. Nd4 Rd6 38. Ne2 Nd3 39. Nd4 Ne5 40. Ne2 Nf3+ 41. Kf2 Nd2 42. Rd4 Be5 43. Rxd6 Kxd6 44. Nc1 Nxf1 45. Kxf1 Kc5 46. Nd3+ Kd4 47. Nb4 Kxc4 48. Nxa6 Kb5 0-1

[Event "SVK-chT1W 1213"]
[Site "Slovakia"]
[Date "2013.02.03"]
[Round "7.1"]
[White "Zetocha, Claudiu"]
[Black "Tibensky, Robert"]
[Result "1/2-1/2"]
[WhiteElo "2360"]
[BlackElo "2396"]
[PlyCount "57"]
[EventDate "2012.10.20"]
[EventType "team-tourn"]
[EventRounds "11"]
[EventCountry "SVK"]
[SourceTitle "EXT 2015"]
[Source "ChessBase"]
[SourceDate "2014.11.20"]
[SourceVersion "1"]
[SourceVersionDate "2014.11.20"]
[SourceQuality "1"]
[WhiteTeam "Bratislava Slovan II"]
[BlackTeam "Pezinok"]
[WhiteTeamCountry "SVK"]
[BlackTeamCountry "SVK"]

1. e4 e6 2. d3 d5 3. Qe2 Ne7 4. Nf3 c5 5. g3 Nbc6 6. Bg2 g6 7. 0-0 Bg7 8. c3 h6 9. h4 b6 10. Re1 Ba6 11. e5 Qc7 12. Na3 0-0-0 13. Bd2 b5 14. b4 c4 15. Nc2 Bb7 16. Ncd4 a6 17. a4 Nxd4 18. Nxd4 Nc6 19. Nxc6 Bxc6 20. dxc4 bxc4 21. b5 Bb7 22. Rab1 axb5 23. axb5 Kd7 24. b6 Qc6 25. Qf3 Ke7 26. Qf4 Ra8 27. Be3 Ra5 28. Bd4 Ra6 29. Qe3 1/2-1/2

[Event "SVK-chT1W 1213"]
[Site "Slovakia"]
[Date "2012.12.09"]
[Round "4.1"]
[White "Tibensky, Robert"]
[Black "Balog, Imre1111"]
[Result "0-1"]
[WhiteElo "2396"]
[BlackElo "2554"]
[PlyCount "98"]
[EventDate "2012.10.20"]
[EventType "team-tourn"]
[EventRounds "11"]
[EventCountry "SVK"]
[SourceTitle "EXT 2014"]
[Source "ChessBase"]
[SourceDate "2013.11.20"]
[SourceVersion "1"]
[SourceVersionDate "2013.11.20"]
[SourceQuality "1"]
[WhiteTeam "Pezinok"]
[BlackTeam "Levice"]
[WhiteTeamCountry "SVK"]
[BlackTeamCountry "SVK"]

1. d4 Nf6 2. c4 g6 3. Nc3 Bg7 4. e4 d6 5. Be2 0-0 6. Nf3 e5 7. 0-0 Na6 8. Re1 exd4 9. Nxd4 Nc5 10. Bf1 Re8 11. f3 c6 12. Be3 a5 13. Bf2 a4 14. Qc2 Qa5 15. Rab1 Nfd7 16. Red1 Ne5 17. b4 axb3 18. axb3 Ne6 19. Nde2 Qa3 20. Kh1 Nc5 21. Nd4 Qb4 22. Na2 Qa5 23. Nc3 Ne6 24. Nde2 Bf8 25. Na4 Qc7 26. Bb6 Qe7 27. Bg1 Nd7 28. Nac3 Qf6 29. Rd2 Ra5 30. Rbd1 Rh5 31. Rxd6 Bxd6 32. Rxd6 Ne5 33. f4 Ng4 34. h3 Qh4 35. g3 Qe7 36. Rd1 Ng7 37. Bg2 Nh6 38. Kh2 Ng4+ 39. Kh1 Nf6 40. Kh2 Bg4 41. Re1 Qd7 42. f5 Nxf5 43. Nf4 Rh6 44. Qc1 g5 45. exf5 Rxe1 46. Qxe1 gxf4 47. gxf4 Bxf5 48. Qg3+ Rg6 49. Qe3 Qd3 0-1

[Event "SVK-chT 1112"]
[Site "Slovakia"]
[Date "2012.03.10"]
[Round "10.4"]
[White "Tibensky, Robert"]
[Black "Cech, Pavel"]
[Result "1/2-1/2"]
[WhiteElo "2410"]
[BlackElo "2369"]
[PlyCount "33"]
[EventDate "2011.10.22"]
[EventType "team-tourn"]
[EventRounds "11"]
[EventCountry "SVK"]
[SourceTitle "EXT 2013"]
[Source "ChessBase"]
[SourceDate "2012.11.22"]
[SourceVersion "1"]
[SourceVersionDate "2012.11.22"]
[SourceQuality "1"]
[WhiteTeam "Trencin"]
[BlackTeam "Liptov Magic"]
[WhiteTeamCountry "SVK"]
[BlackTeamCountry "SVK"]

1. d4 d5 2. c4 c6 3. e3 Nf6 4. Nc3 g6 5. Nf3 Bg7 6. h3 0-0 7. Be2 b6 8. 0-0 Bb7 9. Qc2 Nbd7 10. e4 dxe4 11. Nxe4 c5 12. Nxf6+ Nxf6 13. dxc5 bxc5 14. Be3 Qc7 15. Rad1 Nh5 16. Qc1 e5 17. Nd2 1/2-1/2

[Event "SVK-chT1W 1112"]
[Site "Slovakia"]
[Date "2011.12.11"]
[Round "6.1"]
[White "Tibensky, Robert"]
[Black "Zetocha, Claudiu"]
[Result "1/2-1/2"]
[WhiteElo "2410"]
[BlackElo "2355"]
[PlyCount "25"]
[EventDate "2011.10.15"]
[EventType "team-tourn"]
[EventRounds "11"]
[EventCountry "SVK"]
[SourceTitle "EXT 2013"]
[Source "ChessBase"]
[SourceDate "2012.11.22"]
[SourceVersion "1"]
[SourceVersionDate "2012.11.22"]
[SourceQuality "1"]
[WhiteTeam "Pezinok"]
[BlackTeam "Bratislava Slovan II"]
[WhiteTeamCountry "SVK"]
[BlackTeamCountry "SVK"]

1. d4 Nf6 2. Bg5 e6 3. e3 b6 4. Nf3 h6 5. Bh4 Bb7 6. Nbd2 c5 7. c3 cxd4 8. exd4 Be7 9. Bxf6 Bxf6 10. Bd3 0-0 11. 0-0 d6 12. Be4 Qc7 13. a4 1/2-1/2

[Event "SVK-chT 0910"]
[Site "Slovakia"]
[Date "2009.10.24"]
[Round "1"]
[White "Stockova, Zuzana"]
[Black "Tibensky, Robert"]
[Result "1-0"]
[WhiteElo "2401"]
[BlackElo "2401"]
[PlyCount "117"]
[EventDate "2009.10.24"]
[EventType "team-tourn"]
[EventRounds "11"]
[EventCountry "SVK"]
[SourceTitle "EXT 2019"]
[Source "ChessBase"]
[SourceDate "2018.10.10"]
[SourceVersion "1"]
[SourceVersionDate "2018.10.10"]
[SourceQuality "1"]
[WhiteTeam "Kosice Slavia"]
[BlackTeam "Trencin"]
[WhiteTeamCountry "SVK"]
[BlackTeamCountry "SVK"]

1. e4 e6 2. d4 d5 3. Nd2 a6 4. e5 Bd7 5. a4 c5 6. Ngf3 Nc6 7. Bd3 cxd4 8. Nb3 Nge7 9. Bf4 Ng6 10. Bg3 Bb4+ 11. Kf1 0-0 12. h4 f5 13. h5 Nh8 14. Bf4 Nf7 15. Rg1 Kh8 16. Qe2 Nh6 17. g3 Be7 18. Qd2 Ng4 19. Nbxd4 Rg8 20. c3 Qe8 21. Rh1 Nxd4 22. Nxd4 Nh6 23. Kg2 Nf7 24. Bxf5 exf5 25. e6 Bf6 26. exd7 Qxd7 27. Qd3 Nd6 28. Bxd6 Qxd6 29. Nxf5 Qd7 30. Rad1 Qxa4 31. Qxd5 h6 32. Nd6 Rgf8 33. Nf7+ Kh7 34. Rhe1 b6 35. Kg1 Rae8 36. Nd6 Rd8 37. Qf5+ Kg8 38. Qe6+ Kh7 39. b3 Qa5 40. Qe4+ Kg8 41. Nb7 Qxc3 42. Nxd8 Bxd8 43. Rd3 Qc7 44. Rf3 Bf6 45. Qg6 Qd7 46. Kg2 b5 47. Re2 a5 48. Rfe3 a4 49. bxa4 bxa4 50. Qe4 Qf5 51. Ra2 Qxh5 52. Rxa4 Qd1 53. Ra8 Rxa8 54. Qxa8+ Kh7 55. Qe4+ g6 56. Rd3 Qa1 57. Rd7+ Bg7 58. Rd6 Bf6 59. Qe6 1-0

[Event "SVK-chT2A 0910"]
[Site "Slovakia"]
[Date "2009.10.10"]
[Round "1.1"]
[White "Tibensky, Robert"]
[Black "Puchart, Vladimir"]
[Result "1-0"]
[WhiteElo "2401"]
[BlackElo "2047"]
[PlyCount "79"]
[EventDate "2009.10.10"]
[EventType "team-tourn"]
[EventRounds "11"]
[EventCountry "SVK"]
[SourceTitle "EXT 2011"]
[Source "ChessBase"]
[SourceDate "2010.11.26"]
[SourceVersion "1"]
[SourceVersionDate "2010.11.26"]
[SourceQuality "1"]
[WhiteTeam "Pezinok KS"]
[BlackTeam "Trnava Lokomotiva II"]
[WhiteTeamCountry "SVK"]
[BlackTeamCountry "SVK"]

1. d4 Nf6 2. Nf3 e6 3. e3 c5 4. Bd3 Nc6 5. 0-0 d5 6. b3 Be7 7. Bb2 0-0 8. Nbd2 b6 9. a3 Bb7 10. Qe2 Rc8 11. Rfd1 Qc7 12. c4 Rfd8 13. Rac1 Qb8 14. dxc5 Bxc5 15. cxd5 Nxd5 16. Ng5 Nf6 17. Nde4 Nxe4 18. Bxe4 h6 19. Nxf7 Kxf7 20. b4 Be7 21. Qh5+ Kg8 22. Qg6 e5 23. Qe6+ Kh8 24. Bxc6 Rxc6 25. Qxe7 Rxc1 26. Rxc1 Qd6 27. Qxd6 Rxd6 28. Bxe5 Rg6 29. Rc7 Rxg2+ 30. Kf1 Rg5 31. f4 Ba6+ 32. Kf2 Rg6 33. Rxa7 Bd3 34. Kf3 h5 35. a4 h4 36. Rd7 Bc2 37. a5 bxa5 38. bxa5 h3 39. a6 Ba4 40. a7 1-0

[Event "Stare Mesto op"]
[Site "Stare Mesto"]
[Date "2009.08.19"]
[Round "7"]
[White "Hrabusa, Matej"]
[Black "Tibensky, Robert"]
[Result "1-0"]
[WhiteElo "2219"]
[BlackElo "2418"]
[PlyCount "69"]
[EventDate "2009.08.14"]
[EventType "swiss"]
[EventRounds "10"]
[EventCountry "CZE"]
[SourceTitle "CBM 131 Extra"]
[Source "ChessBase"]
[SourceDate "2009.09.03"]
[SourceVersion "2"]
[SourceVersionDate "2009.09.16"]
[SourceQuality "1"]

1. e4 e6 2. d4 d5 3. Nc3 Nf6 4. e5 Nfd7 5. Nce2 c5 6. c3 cxd4 7. cxd4 Nc6 8. f4 Qb6 9. Nf3 Bb4+ 10. Nc3 f6 11. a3 Be7 12. h4 fxe5 13. fxe5 0-0 14. Na4 Qc7 15. Be3 Ndxe5 16. dxe5 Nxe5 17. Nxe5 Qxe5 18. Qd4 Qg3+ 19. Bf2 Qc7 20. Nc3 b6 21. Qd3 Bf6 22. Be2 Bb7 23. 0-0 Rad8 24. Bf3 Qe7 25. Rfe1 Rfe8 26. g3 Qf7 27. Bg2 e5 28. Qf5 g6 29. Qf3 e4 30. Qf4 Qg7 31. Rad1 g5 32. Qg4 Bc6 33. Qh5 Bb7 34. hxg5 Be5 35. Nxd5 1-0